[Event "EU-ch Amateur U2000"]
[Site "Rhodes"]
[Date "2019.04.11"]
[Round "6"]
[White "Mihalache, Paul Stelian"]
[Black "Frontzos, Ioannis"]
[Result "1-0"]
[WhiteElo "1830"]
[BlackElo "1504"]
[PlyCount "63"]
[EventDate "2019.04.06"]
[EventType "swiss"]
[EventRounds "9"]
[EventCountry "GRE"]
[SourceTitle "EXT 2020"]
[Source "ChessBase"]
[SourceDate "2019.10.17"]
[SourceVersion "1"]
[SourceVersionDate "2019.10.17"]
[SourceQuality "1"]

1. d4 d5 2. Nf3 Nf6 3. c4 e6 4. Nc3 Be7 5. Bf4 0-0 6. e3 c6 7. h3 Nbd7 8. c5 b6 9. b4 bxc5 10. bxc5 Qa5 11. Qd2 Ba6 12. Bxa6 Qxa6 13. Rb1 Ne4 14. Nxe4 dxe4 15. Ne5 Nxe5 16. Bxe5 Rfd8 17. Qc2 Rd5 18. Qxe4 Rad8 19. Qc2 Bxc5 20. e4 Rxd4 21. Bxd4 Bxd4 22. Qe2 Qa5+ 23. Kf1 c5 24. g3 Bc3 25. Kg2 g6 26. Rhd1 Rxd1 27. Rxd1 Qb6 28. Rd7 Bd4 29. Qf3 f6 30. e5 Bxe5 31. Qa8+ Bb8 32. Rb7 1-0

[Event "EU-ch Amateur U2000"]
[Site "Rhodes"]
[Date "2019.04.10"]
[Round "5"]
[White "Frontzos, Ioannis"]
[Black "Kostov, Deyan Samuil"]
[Result "1/2-1/2"]
[WhiteElo "1504"]
[BlackElo "1830"]
[PlyCount "66"]
[EventDate "2019.04.06"]
[EventType "swiss"]
[EventRounds "9"]
[EventCountry "GRE"]
[SourceTitle "EXT 2020"]
[Source "ChessBase"]
[SourceDate "2019.10.17"]
[SourceVersion "1"]
[SourceVersionDate "2019.10.17"]
[SourceQuality "1"]

1. e4 c5 2. Nf3 d6 3. Bb5+ Bd7 4. Bxd7+ Qxd7 5. c4 Nc6 6. Nc3 g6 7. d4 cxd4 8. Nxd4 Bg7 9. Be3 Nf6 10. f3 0-0 11. 0-0 Rac8 12. b3 Rfd8 13. Qd2 Nh5 14. Nxc6 bxc6 15. Rad1 Qc7 16. Ne2 e6 17. Bd4 Bxd4+ 18. Qxd4 e5 19. Qe3 Qb6 20. Qxb6 axb6 21. a4 Ng7 22. b4 Ra8 23. Nc3 Ne6 24. Ra1 Nc7 25. Rfd1 Kf8 26. b5 c5 27. Ra2 Ra7 28. Rda1 Rda8 29. Kf2 Ra5 30. Ke3 Ke7 31. Nb1 Ne6 32. Nc3 Nc7 33. Nb1 Ne6 1/2-1/2

[Event "EU-ch Amateur U2000"]
[Site "Rhodes"]
[Date "2019.04.09"]
[Round "4"]
[White "Bozinovic, Boban"]
[Black "Frontzos, Ioannis"]
[Result "1/2-1/2"]
[WhiteElo "1950"]
[BlackElo "1504"]
[PlyCount "64"]
[EventDate "2019.04.06"]
[EventType "swiss"]
[EventRounds "9"]
[EventCountry "GRE"]
[SourceTitle "EXT 2020"]
[Source "ChessBase"]
[SourceDate "2019.10.17"]
[SourceVersion "1"]
[SourceVersionDate "2019.10.17"]
[SourceQuality "1"]

1. e4 e5 2. Nf3 Nc6 3. d4 exd4 4. Nxd4 Nf6 5. Nxc6 bxc6 6. e5 Qe7 7. Qe2 Nd5 8. c4 Nb6 9. Nd2 Qe6 10. a3 d5 11. exd6 Qxe2+ 12. Bxe2 cxd6 13. 0-0 Be6 14. Bf3 Rc8 15. Re1 Be7 16. b3 Bf6 17. Rb1 0-0 18. Ne4 Be5 19. Bb2 Bf5 20. Bxe5 dxe5 21. c5 Nd5 22. Rbc1 Bxe4 23. Bxe4 Rfe8 24. b4 g6 25. Red1 Red8 26. b5 f5 27. Bxd5+ Rxd5 28. Rxd5 cxd5 29. c6 Kf7 30. a4 Ke7 31. Kf1 Kd6 32. Ke2 h6 1/2-1/2

[Event "GRE-chT 46th"]
[Site "Rio Achaia"]
[Date "2018.07.15"]
[Round "7.16"]
[White "Frontzos, Ioannis"]
[Black "Benatsis, Alexandros"]
[Result "1-0"]
[WhiteElo "1477"]
[BlackElo "1669"]
[PlyCount "65"]
[EventDate "2018.07.10"]
[EventType "team"]
[EventRounds "7"]
[EventCountry "GRE"]
[SourceTitle "CBM 185 Extra"]
[Source "ChessBase"]
[SourceDate "2018.07.29"]
[SourceVersion "1"]
[SourceVersionDate "2018.07.29"]
[SourceQuality "1"]
[WhiteTeam "Asos Rodou Hippotis"]
[BlackTeam "Ioannites Skakiston"]
[WhiteTeamCountry "GRE"]
[BlackTeamCountry "GRE"]

1. c4 e5 2. Nc3 Nc6 3. g3 f5 4. Bg2 Nf6 5. d3 Bb4 6. Bd2 0-0 7. a3 Bxc3 8. Bxc3 d6 9. Nf3 a5 10. b4 axb4 11. axb4 Rxa1 12. Qxa1 e4 13. Nd4 Nxd4 14. Bxd4 exd3 15. exd3 c5 16. Bxf6 Rxf6 17. 0-0 f4 18. Bd5+ Kh8 19. Re1 fxg3 20. hxg3 Qf8 21. bxc5 dxc5 22. Qb2 h5 23. Qb5 Kh7 24. Re8 Qd6 25. Rxc8 h4 26. Qxc5 Qa6 27. Be4+ g6 28. Qe7+ Kh6 29. Rh8+ Kg5 30. Rxh4 Qa1+ 31. Kg2 Qb2 32. Rf4 b5 33. Qxf6+ 1-0

[Event "GRE-chT 46th"]
[Site "Rio Achaia"]
[Date "2018.07.13"]
[Round "5.13"]
[White "Panagiotakos, Nikolaos"]
[Black "Frontzos, Ioannis"]
[Result "1-0"]
[WhiteElo "2099"]
[BlackElo "1477"]
[PlyCount "81"]
[EventDate "2018.07.10"]
[EventType "team"]
[EventRounds "7"]
[EventCountry "GRE"]
[SourceTitle "CBM 185 Extra"]
[Source "ChessBase"]
[SourceDate "2018.07.29"]
[SourceVersion "1"]
[SourceVersionDate "2018.07.29"]
[SourceQuality "1"]
[WhiteTeam "OFI"]
[BlackTeam "Asos Rodou Hippotis"]
[WhiteTeamCountry "GRE"]
[BlackTeamCountry "GRE"]

1. e4 e5 2. Nf3 Nc6 3. Nc3 Nf6 4. Bb5 d6 5. d4 exd4 6. Nxd4 Bd7 7. 0-0 Be7 8. Nxc6 Bxc6 9. Bxc6+ bxc6 10. b3 0-0 11. Bb2 Nd7 12. f4 Bf6 13. Qf3 Bd4+ 14. Kh1 c5 15. Rae1 a5 16. Na4 Bxb2 17. Nxb2 Nb6 18. e5 Qd7 19. f5 dxe5 20. f6 gxf6 21. Re4 Qe6 22. Nd3 Nd7 23. Qh5 Rfd8 24. Rf3 Kf8 25. Qxh7 Ke7 26. Qh4 Rh8 27. Qf2 Qd5 28. Re1 Qd4 29. Qe2 Qh4 30. h3 Rag8 31. Nf4 Kd8 32. Nd5 Rg3 33. Rd1 Rxf3 34. Qxf3 Kc8 35. Ne7+ Kb8 36. Nc6+ Kc8 37. Qf5 Kb7 38. Qxd7 Kb6 39. Nd8 Qe4 40. c4 f5 41. Qb5+ 1-0

[Event "Rhodes Colossus op"]
[Site "Rhodes"]
[Date "2015.09.01"]
[Round "1"]
[White "Frontzos, Ioannis"]
[Black "Schroeder, Jan Christian"]
[Result "0-1"]
[WhiteElo "1308"]
[BlackElo "2513"]
[PlyCount "70"]
[EventDate "2015.09.01"]
[EventType "swiss"]
[EventRounds "9"]
[EventCountry "GRE"]
[SourceTitle "EXT 2017"]
[Source "ChessBase"]
[SourceDate "2016.10.25"]
[SourceVersion "1"]
[SourceVersionDate "2016.10.25"]
[SourceQuality "1"]

1. c4 g6 2. g3 Bg7 3. Bg2 d6 4. Nc3 e5 5. Nf3 f5 6. d3 Nf6 7. 0-0 0-0 8. Bg5 h6 9. Bxf6 Qxf6 10. Nd5 Qf7 11. Rb1 c6 12. Nc3 Be6 13. Qd2 a5 14. a4 Na6 15. Ne1 g5 16. Nc2 g4 17. e3 h5 18. b3 Qf6 19. Ne2 Nc5 20. d4 Ne4 21. Qd3 Ng5 22. d5 cxd5 23. Bxd5 Nf3+ 24. Kg2 Rf7 25. Rbd1 Bf8 26. Bxe6 Qxe6 27. Qd5 Qh6 28. Ng1 Ng5 29. f4 Ne4 30. Ne2 h4 31. Rh1 exf4 32. exf4 Re8 33. Ncd4 Nc5 34. Rd2 h3+ 35. Kf2 Ne4+ 0-1